Loading...
Plain tales from the hills /
| Main Author: | |
|---|---|
| Format: | Printed Book |
| Language: | English |
| Published: |
New York :
Books Inc.,
|
| Subjects: |
| LEADER | 00478nam a2200145Ia 4500 | ||
|---|---|---|---|
| 008 | 150623b xxu||||| |||| 00| 1 eng d | ||
| 082 | |a 823.018K1 | ||
| 100 | |a Kipling, Rudyard | ||
| 245 | |a Plain tales from the hills / |c Rudyard Kipling | ||
| 260 | |a New York : |b Books Inc., | ||
| 300 | |a 252 p. | ||
| 650 | |v Fiction | ||
| 942 | |c BK | ||
| 999 | |c 28455 |d 28455 | ||
| 952 | |0 0 |1 0 |4 0 |6 823_000000000000000_018K1_PLA |7 0 |9 28454 |a UL |b UL |c ST2 |d 1998-09-24 |l 0 |o 823.018K1 PLA |p 39899 |r 2012-10-27 |w 2012-10-27 |y BK | ||